Catálogo
 En Linea

Cementerio sin cruces / (Registro nro. 30977)

Detalles MARC
000 -CABECERA
campo de control de longitud fija 00529nam a2200169 a 4500
001 - NÚMERO DE CONTROL
campo de control 000031485
005 - FECHA Y HORA DE LA ÚLTIMA TRANSACCIÓN
campo de control 20200930062949.0
008 - DATOS DE LONGITUD FIJA--INFORMACIÓN GENERAL
campo de control de longitud fija 110627s19uu dr 000 0 spa d
040 ## - FUENTE DE LA CATALOGACIÓN
Centro catalogador/agencia de origen DO-SdBNP
Lengua de catalogación spa
Centro/agencia transcriptor BNPHU
082 ## - NÚMERO DE LA CLASIFICACIÓN DECIMAL DEWEY
Número de clasificación xxx
Número de documento/Ítem R427c
049 ## - FONDOS LOCALES (OCLC)
Fondos de biblioteca BNPD
100 1# - ENTRADA PRINCIPAL--NOMBRE DE PERSONA
Nombre de persona Requena, Andrés,
Fechas asociadas al nombre 1922-
9 (RLIN) 27409
245 10 - MENCIÓN DE TÍTULO
Título Cementerio sin cruces /
Mención de responsabilidad, etc. Andrés Requena.
260 ## - PUBLICACIÓN, DISTRIBUCIÓN, ETC.
Lugar de publicación, distribución, etc. [Santo Domingo] :
Nombre del editor, distribuidor, etc. [s.n.],
Fecha de publicación, distribución, etc. [s.f.].
300 ## - DESCRIPCIÓN FÍSICA
Extensión 272 p. ;
Dimensiones 20 cm.
500 ## - NOTA GENERAL
Nota general Novela del martirio de la República Dominicana bajo la tiranía de Trujillo.
Existencias
Estado de retiro Estado de pérdida Restricciones de uso No para préstamo Código de colección Localización permanente Ubicación/localización actual Ubicación en estantería Fecha de adquisición Número de inventario Total de préstamos Signatura topográfica completa Código de barras Fecha visto por última vez Precio válido a partir de Tipo de ítem Koha Nota pública
      Excluido de préstamo Raros y valiosos Patrimonio Dominicano Patrimonio Dominicano En catalogación 27.06.2011 LF1   xxx R427c 31485-10 25.06.2020 25.06.2020 No se presta Perteneció a la colección Germán Emilio Ornes

Con tecnología Koha